El espíritu del regeneracionismo / (Record no. 182603)

MARC details
000 -LEADER
campo de control de longitud fija 00730nam a2200205 i 4500
001 - NÚMERO DE CONTROL
campo de control 182603
003 - IDENTIFICADOR DE NÚMERO DE CONTROL
campo de control ES-MaACL
005 - FECHA Y HORA DE LA ÚLTIMA TRANSACCIÓN
campo de control 20240527195813.0
008 - DATOS DE LONGITUD FIJA--INFORMACIÓN GENERAL
campo de control de longitud fija 131002s2012 sp a | |||||||| | spa d
100 1# - ENTRADA PRINCIPAL--NOMBRE DE PERSONA
Nombre de persona Crespo, Lucía.
9 (RLIN) 153517
245 13 - MENCIÓN DEL TÍTULO
Título El espíritu del regeneracionismo /
Mención de responsabilidad, etc. Lucía Crespo, con la colaboración de Enrique Ramírez.
260 ## - PUBLICACIÓN, DISTRIBUCIÓN, ETC.
Lugar de publicación, distribución, etc. [Madrid] :
Nombre del editor, distribuidor, etc. Accenture,
Fecha de publicación, distribución, etc. D.L. 2012.
300 ## - DESCRIPCIÓN FÍSICA
Extensión 182 p. :
Otras características físicas il. col. y n. ;
Dimensiones 31 cm.
650 04 - PUNTO DE ACCESO ADICIONAL DE MATERIA--TÉRMINO DE MATERIA
Término de materia o nombre geográfico como elemento de entrada Regeneracionismo
9 (RLIN) 16742
700 1# - ENTRADA AGREGADA--NOMBRE PERSONAL
Nombre de persona Ramírez, Enrique.
9 (RLIN) 153518
852 ## - LOCALIZACIÓN
Ubicación ES-MaACL
Número de control de estantería A-12847
itemnumber 189519
Sublocalización o colección R.149080
Ubicación en estantería Depósito 1
Signatura antigua Olim: N-5847
852 ## - LOCALIZACIÓN
Ubicación ES-MaACL
Número de control de estantería A-12848/Ej.1
itemnumber 189518
Sublocalización o colección R.149080
Ubicación en estantería Depósito 1
Signatura antigua Olim: N-5848
942 ## - ELEMENTOS DE ENTRADA SECUNDARIOS (KOHA)
Fuente del sistema de clasificación o colocación Clasificación decimal universal
Tipo de ítem Koha Libro impreso
Holdings
Estatus retirado Estado de pérdida Fuente del sistema de clasificación o colocación Estado de daño Restricciones de uso No para préstamo Biblioteca de origen Biblioteca actual Ubicación en estantería Fecha de adquisición Fuente de adquisición Total de préstamos Signatura topográfica completa Código de barras Visto por última vez Precio de reemplazo Tipo de ítem Koha
    Clasificación decimal universal   Duplicado   Biblioteca del Ateneo de Madrid Biblioteca del Ateneo de Madrid Depósito 1 02/10/2013 Donación   A-12848/Ej.1 1191902 23/02/2023 23/02/2023 Libro impreso
    Clasificación decimal universal       Biblioteca del Ateneo de Madrid Biblioteca del Ateneo de Madrid Depósito 1 02/10/2013 Donación   A-12847 1191901 23/02/2023 23/02/2023 Libro impreso